Countries bordering Arabic speaking Countries - Statistics

General Stats
  • This quiz has been taken 26 times
  • The average score is 30 of 38
Answer Stats
Answer % Correct
Iran
100%
Mali
100%
Turkey
100%
Ethiopia
95%
Niger
95%
Senegal
95%
Chad
90%
Israel
90%
South Sudan
90%
Djibouti
86%
Algeria
81%
Bahrain
81%
Kenya
81%
Morocco
81%
Nigeria
81%
Qatar
81%
Saudi Arabia
81%
Yemen
81%
Cameroon
76%
Central African Republic
76%
Egypt
76%
Eritrea
76%
Iraq
76%
Kuwait
76%
Lebanon
76%
Libya
76%
Mauritania
76%
Oman
76%
Sudan
76%
Syria
76%
Tunisia
76%
Jordan
71%
Somalia
71%
United Arab Emirates
71%
Burkina Faso
62%
Guinea
62%
Comoros
43%
Côte d’Ivoire
38%
No matching quizzes found
Score Distribution
Percent of People with Each Score
Percentile by Number Answered
Your Score History
You have not taken this quiz